书目信息 |
| 题名: |
分子诊断学:基础与临床
|
|
| 作者: | 姜傥 | |
| 分册: | ||
| 出版信息: | 北京 科学出版社 2014.60 |
|
| 页数: | 601 | |
| 开本: | 29cm | |
| 丛书名: | ||
| 单 册: | ||
| 中图分类: | R44 | |
| 科图分类: | ||
| 主题词: | 诊断学 | |
| 电子资源: | ||
| ISBN: | 7-03-040372-8 | |
| 000 | 00526nam0 2200181 450 | |
| 001 | 1735965424 | |
| 005 | 20170410095925.42 | |
| 010 | @a7-03-040372-8 | |
| 100 | @a20170410d km y0chiy0120 ea | |
| 101 | 0 | @achi |
| 200 | 1 | @a分子诊断学:基础与临床@Afen zi zhen duan xue:ji chu yu lin chuang@f姜傥@Fjiang tang |
| 210 | @a北京@c科学出版社@d2014.60 | |
| 215 | @a601@d29cm | |
| 606 | 0 | @a诊断学 |
| 690 | @aR44@v4 | |
| 701 | 0 | @a姜傥@Ajiang tang |
| 801 | 0 | @aCN@b大连网信软件有限公司图书馆·11@c20170410 |
| 905 | @b6604792@dR44@en12@f1 | |
| 分子诊断学:基础与临床/姜傥.-北京:科学出版社,2014.60 |
| 601;29cm |
| ISBN 7-03-040372-8: |
| ● |
| 相关链接 |
|
|
|
|
正题名:分子诊断学:基础与临床
索取号:R44/n12
 
预约/预借
| 序号 | 登录号 | 条形码 | 馆藏地/架位号 | 状态 | 备注 |
| 1 | 6604792 | 266047921 | 密集书库-生命科学系/ [索取号:R44/n12] | 在馆 |